A world of gangs (Registro nro. 307044)

Detalles MARC
000 -ENCABEZADO
Número de control [NR] 02936cam a2200277 a 4500
005 - FECHA Y HORA DE LA ÚLTIMA TRANSACCIÓN
control field 20170901112853.0
008 - DE LONGITUD FIJA DE DATOS DE ELEMENTOS - INFORMACIÓN GENERAL
Elementos de longitud fija [NR] 170901s2008 xxu r s001 0 eng
010 ## - NUMERO DE CONTROL DE LA BIBLIOTECA DEL CONGRESO (LC) [NR]
Número de control LC [NR] 2008000082
020 ## - NUMERO INTERNACIONAL NORMALIZADO PARA LIBROS [R]
Número Internacional Normalizado del libro [NR] 9780816650675
035 ## - NUMERO DE CONTROL DEL SISTEMA [R]
Número de control del sistema [NR] (OCoLC)191023943
Numero Cancelado/no válido [R] (OCoLC)351318497
-- (OCoLC)779892738
040 ## - FUENTE DE CATALOGACION [NR]
Agencia de catalogación original [NR] CO-BoUCM
Idioma de catalogación [NR] spa
Quien Cataloga Sandra Palacio
Quien Clasifica Sandra Palacio
041 0# - CODIGO DE IDIOMA [R]
Código de idioma para texto/pista de sonido o título separado [R] Inglés
100 1# - ASIENTO PRINCIPAL--NOMBRE PERSONAL [NR]
Nombre personal [NR] Hagedorn, John
Fechas asociadas con el nombre [NR] 1947-
ID Autoridad 87054
245 12 - MENCION DE TITULO [NR]
Título [NR] A world of gangs
Parte restante del título [NR] armed young men and gangsta culture
Mención de responsabilidad, etc. [NR] John M. Hagedorn ; prólogo por Mike Davis
260 ## - PUBLICACION, DISTRIBUCION, ETC. (PIE DE IMPRENTA) [R]
Lugar de publicación, distribución, etc. [R] Minneapolis (Minessota, Estados Unidos)
Nombre del editor, distribuidor, etc. [R] University of Minnesota Press
Fecha de publicación, distribución, etc. [R] 2008
300 ## - DESCRIPCION FISICA [R]
Extensión [R] xxxii, 198 páginas
490 0# - MENCION DE SERIE [R]
Mención de serie [R] Globalization and community series
Designación numérica/secuencial del volumen [NR] V.14
505 0# - NOTA DE CONTENIDO CON FORMATO PREESTABLECIDO [R]
Nota de contenido con formato preestablecido [NR] Reading John Hagedorn / Mike Davis -- Introduction. Why are gangs everywhere? -- Ghetto, favela, and township : the worlds gangs live in -- Street institutions : why some gangs won't go away -- The problem with definitions : the questionable uniqueness of gangs -- From Chicago to Mumbai : touring the world of gangs -- No way out : demoralization, racism, and resistance identity -- A tale of two gangs : the Hamburgs and the Conservative Vice Lords -- Reconsidering culture : race, rap, and resistance -- Street wars : hip-hop and the rise of gangsta culture -- Contested cities : gentrification and the ghetto -- Conclusion. A rose in the cracks of concrete.
520 ## - NOTA DE RESUMEN, ETC. [R]
Nota de sumario, etc. [NR] For the more than a billion people who now live in urban slums, gangs are ubiquitous features of daily life. Though still most closely associated with American cities, gangs are an entrenched, worldwide phenomenon that play a significant role in a wide range of activities, from drug dealing to extortion to religious and political violence. In A World of Gangs, John Hagedorn explores this international proliferation of the urban gang as a consequence of the ravages of globalization. Looking closely at gang formation in three world cities--Chicago, Rio de Janeiro, and Capetown--he discovers that some gangs have institutionalized as a strategy to confront a hopeless cycle of poverty, racism, and oppression. In particular, Hagedorn reveals, the nihilistic appeal of gangsta rap and its street ethic of survival "by any means necessary" provides vital insights into the ideology and persistence of gangs around the world. This groundbreaking work concludes on a hopeful note. Proposing ways in which gangs might be encouraged to overcome their violent tendencies, Hagedorn appeals to community leaders to use the urgency, outrage, and resistance common to both gang life and hip-hop in order to bring gangs into broader movements for social justice.--From the publisher.
650 17 - ASIENTO SECUNDARIO DE MATERIA - TERMINO TEMATICO [R]
Término temático o nombre geográfico como elemento de entrada [NR] Pandillas
9 (RLIN) 21034
Subdivisión general [R] Aspectos sociales
650 27 - ASIENTO SECUNDARIO DE MATERIA - TERMINO TEMATICO [R]
Término temático o nombre geográfico como elemento de entrada [NR] Delincuencia
9 (RLIN) 12551
650 27 - ASIENTO SECUNDARIO DE MATERIA - TERMINO TEMATICO [R]
Término temático o nombre geográfico como elemento de entrada [NR] Criminales
9 (RLIN) 12148
700 ## - ASIENTO SECUNDARIO - NOMBRE PERSONAL [R]
Nombre personal [NR] Davis, Mike
Término de relación [R] prólogo
9 (RLIN) 87055
942 ## - ELEMENTOS DE ENTRADA AGREGADOS (KOHA)
Sistema de clasificación DEWEY
Tipo de ítem principal el descrito en 300a Libro
Tema principal Sociología
Edición 1
Clasificación 364.1066
Parte restante de la signatura top. H141wg
Existencias
Fecha de último préstamo Total préstamos Signatura topográfica Código de barras Última vez visto Ejemplar Costo de reposición Price effective from Tipo de ítem Nota pública (OPAC) Perdido Sistema de clasificación Dañado No prestable Tipo de ítem específico Suprimido Ubicación habitual Ubicación actual Localización Fecha de creación Proveedor Forma de adquisición Costo
03/02/2020 5 364.1066 H141wg 100153917 04/12/2025 Ej.2 87605.00 24/08/2017 Libro Spot Criminología e Investigación Criminal   DEWEY     Libro   Claustro Claustro 3er piso 24/08/2017 15 Compra 87605.00
    364.1066 H141wg 100153916 04/12/2025 Ej.1 87605.00 24/08/2017 Libro Spot Criminología e Investigación Criminal   DEWEY     Libro   Claustro Claustro 3er piso 24/08/2017 15 Compra 87605.00